|
|
|
|
| LEADER |
00000nam a22000005a 4500 |
| 001 |
vtls010286625 |
| 003 |
SK-MaSNL |
| 005 |
20260302011818.0 |
| 008 |
180810s1870 hu 000 0 ger |
| 020 |
|
|
|q (brož.)
|
| 040 |
|
|
|a SNK
|b slo
|c SNK
|e AACR2
|
| 041 |
0 |
|
|a ger
|
| 044 |
|
|
|a xo
|c SK
|
| 080 |
|
|
|a 284
|2 1981
|
| 080 |
|
|
|a 262
|2 1981
|
| 130 |
0 |
|
|a Vorarbeiten
|9 652813
|
| 245 |
1 |
0 |
|a Vorarbeiten zur Synode der evangelischen Kirche A.C. in Ungarn durch eigends hiezu ernannte Ausschüsse ausgearbeitet
|b und im Auftrage des Generalconventes vom Jahre 1869 aus dem ungarischen Original ins Deutsche übertragen
|
| 260 |
|
|
|a Pest
|b Druck Victor Hornyánsky
|c 1870
|
| 300 |
|
|
|a 61 s.
|c 25 cm
|
| 520 |
|
|
|a Fraktúra. Zložky
|
| 650 |
0 |
7 |
|a evanjelická cirkev a. v.
|x cirkevná správa
|2 SNK
|9 600220
|
| 710 |
2 |
|
|a Hornyánsky, Viktor
|c Budapest
|4 610
|9 603529
|
| 852 |
|
|
|a SNK
|b SC 145851
|p DK 13889/2011
|
| 958 |
|
|
|a ONDV
|
| 958 |
|
|
|a TL
|
| 999 |
|
|
|c 1007477
|d 1009407
|
| 952 |
|
|
|a SNK
|b SNK
|y PREZ
|7 0
|p 17A0705122
|o snkSC 145851
|i snk2011/13889
|8 3
|g 2.00
|0 0
|1 0
|4 0
|d 2011-06-17
|l 0
|r 2025-07-15 00:00:00
|w 2026-02-24
|